[Event "Padova op-C 17th"]
[Site "Padova"]
[Date "2014.12.21"]
[Round "6.12"]
[White "Brandes, Michele"]
[Black "Belloni, Umberto"]
[Result "1/2-1/2"]
[WhiteElo "1443"]
[BlackElo "1799"]
[PlyCount "119"]
[EventDate "2014.12.13"]
[EventType "swiss"]
[EventRounds "6"]
[EventCountry "ITA"]
[SourceTitle "EXT 2024"]
[Source "ChessBase"]
[SourceDate "2023.10.10"]
[SourceVersion "1"]
[SourceVersionDate "2023.10.10"]
[SourceQuality "1"]

1. c4 e5 2. Nc3 c5 3. g3 Nc6 4. Bg2 d6 5. Nf3 Be6 6. d3 Be7 7. 0-0 Qd7 8. e4 Bg4 9. Nd5 Bd8 10. Rb1 Nge7 11. Ne3 Bh5 12. Nc2 a5 13. a3 f6 14. Be3 Bg4 15. Qd2 Bxf3 16. Bxf3 Nd4 17. Bxd4 exd4 18. Rfe1 Nc6 19. b4 axb4 20. axb4 Ne5 21. Bg2 Nc6 22. bxc5 dxc5 23. e5 0-0 24. Bd5+ Kh8 25. e6 Qe7 26. Rb2 Ba5 27. Qc1 Bxe1 28. Nxe1 Nb4 29. Qb1 Ra4 30. Nc2 Rfa8 31. Kg2 R8a7 32. Nxb4 cxb4 33. Qc2 Qc5 34. Bxb7 Kg8 35. Bd5 Kf8 36. Qe2 g6 37. Qf3 Kg7 38. Re2 R4a6 39. Qe4 Re7 40. g4 g5 41. f4 h6 42. fxg5 hxg5 43. h4 gxh4 44. g5 Raxe6 45. gxf6+ Rxf6 46. Qxe7+ Qxe7 47. Rxe7+ Kh6 48. Re4 Rb6 49. Rxh4+ Kg5 50. Rh1 Kf4 51. Kf2 b3 52. Rb1 b2 53. Ke2 Rh6 54. Be4 Rh2+ 55. Kd1 Ke3 56. c5 Rd2+ 57. Ke1 Rc2 58. Kd1 Rd2+ 59. Ke1 Rc2 60. Kd1 1/2-1/2